000 00259nam a2200097Ia 4500
001 966532
005 20250826220307.0
008 250824s9999 xx 000 0 und d
245 0 _aİBN ARABİ HAZRETLERİ
_cBURSALI MEHMED TAHİR
260 _bHAYY KİTAP YAYINLARI
999 _c966532
_d966532